000 00236nam a2200097Ia 4500
001 711478
005 20250826162809.0
008 250824s9999 xx 000 0 und d
245 0 _aGEÇERKEN
_cADALET AĞAOĞLU
260 _bEVEREST YAYINLARI
999 _c711478
_d711478